000
00319nam a22001337a 4500
008
171025b xxu||||| |||| 00| 0 eng d
020
_a
0256033838
041
_a
eng
080
_2
6TH
_a
331
100
_a
55
101
_a
STA
245
_a
STATISTICAL TECHNIQUES IN BUSINESS AND ECONOMICS
_c
MASON,R.D
942
_2
udc
_c
BK
999
_c
35960
_d
35960